[Event "ch-European Rapid 2013"]
[Site "Warsaw POL"]
[Date "2013.12.14"]
[Round "2.29"]
[White "Kulaots, Kaido"]
[Black "Witek, Tomasz"]
[Result "1-0"]
[WhiteTitle "GM"]
[WhiteElo "2558"]
[BlackElo "2105"]
[WhiteFideId "4500261"]
[BlackFideId "1130056"]
[EventDate "2013.12.14"]
[EventType "swiss"]

1. e4 e6 2. d4 d5 3. Nc3 Bb4 4. exd5 exd5 5. Bd3 Nf6 6. Ne2 Bg4 7. f3 Bh5 8. Nf4
Bg6 9. Qe2+ Be7 10. Nxg6 hxg6 11. Be3 Nc6 12. O-O-O Qd7 13. Bf2 O-O-O 14. Bb5
Bd6 15. Na4 Rde8 16. Qd3 a6 17. Nc5 Bxc5 18. Bxc6 Qxc6 19. dxc5 Re6 20. Bd4 Rhe8
21. b3 Re2 22. Rd2 Re1+ 23. Rxe1 Rxe1+ 24. Kb2 Qe6 25. h4 Nh5 26. Bf2 Re5 27.
Qd4 f5 28. g4 fxg4 29. Qxg4 Rf5 30. Bd4 Nf4 31. Bxg7 Qe1 32. Rd4 Ne2 33. Bh6
Nxd4 34. Qxd4 Qe5 35. Qxe5 Rxe5 36. Kc3 c6 37. Kd3 Kd7 38. a4 Ke6 39. Bd2 Kf5
40. Bg5 Re8 41. Kd2 Re6 42. Bh6 Re5 43. Be3 a5 44. Kd3 Re8 45. Kd4 Rh8 46. Bg5
Rb8 47. Bd2 Re8 48. Bxa5 Re2 49. Kd3 Rh2 50. Bd8 Rh3 51. Ke3 d4+ 52. Kxd4 Rxf3
53. b4 Rf1 54. Kc4 Rf4+ 55. Kb3 Ke6 1-0

[Event "ch-European Rapid 2013"]
[Site "Warsaw POL"]
[Date "2013.12.14"]
[Round "2.30"]
[White "Pavlov, Denis2"]
[Black "Gritsak, Orest"]
[Result "0-1"]
[BlackTitle "GM"]
[WhiteElo "2066"]
[BlackElo "2516"]
[WhiteFideId "4191935"]
[BlackFideId "14102188"]
[EventDate "2013.12.14"]
[EventType "swiss"]

1. e4 c5 2. d3 Nf6 3. g3 d5 4. Nd2 Nc6 5. Bg2 e5 6. Ngf3 Be7 7. O-O d4 8. Nc4
Qc7 9. h3 Be6 10. b3 Nd7 11. Nh2 b5 12. Nd2 O-O 13. f4 exf4 14. gxf4 f5 15. a4
bxa4 16. Rxa4 Nb6 17. Ra1 Rae8 18. Nc4 fxe4 19. Bxe4 g6 20. Qf3 Nb4 21. Qg2 Kh8
22. Nf3 Bf5 23. Nfe5 Bf6 24. Kh1 Nxc4 25. Nxc4 Qd7 26. Bxf5 gxf5 27. Ba3 Rg8 28.
Qf2 Qd5+ 29. Kh2 Bh4 30. Qf3 Qxf3 31. Rxf3 Re2+ 32. Kh1 Nxc2 33. Rg1 Rxg1+ 34.
Kxg1 Ne1 35. Rf1 Nxd3 36. Nd6 Bf2+ 37. Kg2 Be3+ 38. Kf3 Ra2 39. Bxc5 Nxc5 40.
Nxf5 Nxb3 41. Kg4 Rf2 0-1

[Event "ch-European Rapid 2013"]
[Site "Warsaw POL"]
[Date "2013.12.14"]
[Round "2.31"]
[White "Tregubov, Pavel V."]
[Black "Cagara, Paulina"]
[Result "1-0"]
[WhiteTitle "GM"]
[WhiteElo "2625"]
[BlackElo "2044"]
[WhiteFideId "4115341"]
[BlackFideId "1124870"]
[EventDate "2013.12.14"]
[EventType "swiss"]

1. d4 f5 2. g3 Nf6 3. Bg2 g6 4. c4 Bg7 5. Nc3 O-O 6. Nf3 d6 7. O-O Qe8 8. Nd5
Nxd5 9. cxd5 Qb5 10. Ng5 h6 11. Ne6 Bxe6 12. dxe6 c6 13. a4 Qb6 14. d5 c5 15. e4
Na6 16. exf5 gxf5 17. Qh5 Rf6 18. Rb1 Qb4 19. b3 Qg4 20. Bf3 Qxh5 21. Bxh5 Nb4
22. Rd1 a6 23. Bf7+ Rxf7 24. exf7+ Kxf7 25. Bb2 Bxb2 26. Rxb2 Rg8 27. Re2 Rg6
28. Kg2 h5 29. h3 f4 30. h4 fxg3 31. fxg3 b5 32. axb5 axb5 33. Re4 Rf6 34. Rf4
Rxf4 35. gxf4 Kf6 36. Kf3 Kf5 37. Rd2 c4 38. bxc4 bxc4 39. Rd4 Na6 40. Rxc4 Nc5
41. Rd4 e5 42. dxe6 Kxe6 43. Rd1 Nd7 44. Rg1 Nf6 45. Rg5 d5 46. Ke3 Kd6 47. Kd4
Ke6 48. Re5+ Kd6 49. f5 1-0

[Event "ch-European Rapid 2013"]
[Site "Warsaw POL"]
[Date "2013.12.14"]
[Round "2.32"]
[White "Kuciel, Wladyslaw"]
[Black "Plat, Vojtech"]
[Result "1-0"]
[BlackTitle "IM"]
[WhiteElo "1979"]
[BlackElo "2470"]
[WhiteFideId "1114514"]
[BlackFideId "325740"]
[EventDate "2013.12.14"]
[EventType "swiss"]

1. d4 d6 2. c4 e5 3. dxe5 dxe5 4. Qxd8+ Kxd8 5. Nc3 Be6 6. e4 Nd7 7. Nf3 f6 8.
a3 c6 9. Be3 Bc5 10. Bxc5 Nxc5 11. Be2 Ne7 12. b4 Nd7 13. O-O Kc7 14. Rac1 Bg4
15. h3 Bxf3 16. Bxf3 Rad8 17. Rfd1 Nb6 18. Be2 Ng6 19. c5 Nc8 20. g3 Rd4 21.
Rxd4 exd4 22. Nb1 Re8 23. Nd2 f5 24. exf5 Nf4 25. Bg4 Ne2+ 26. Bxe2 Rxe2 27. Nf3
d3 28. Rd1 Ne7 29. Nd4 Re5 30. Ne6+ Kd7 31. Rxd3+ Nd5 32. Nxg7 Ke7 33. g4 Re1+
34. Kh2 Kf6 35. Nh5+ Ke5 36. Rf3 Ke4 37. f6 Kxf3 38. f7 Kxf2 39. f8=Q+ Ke2 40.
Nf4+ Nxf4 41. Qxf4 Kd3 42. Qf5+ Kd2 43. Qxh7 Re2+ 44. Kg3 Re3+ 45. Kf4 Rxa3 46.
Qxb7 1-0

[Event "ch-European Rapid 2013"]
[Site "Warsaw POL"]
[Date "2013.12.14"]
[Round "2.33"]
[White "Maiorov, Nikita1"]
[Black "Staroszczyk, Mateusz"]
[Result "1-0"]
[WhiteTitle "GM"]
[WhiteElo "2552"]
[BlackElo "2005"]
[WhiteFideId "13501720"]
[BlackFideId "1132539"]
[EventDate "2013.12.14"]
[EventType "swiss"]

1. d4 d5 2. c4 e6 3. Nf3 c6 4. e3 f5 5. Bd3 Nf6 6. O-O Bd6 7. b3 Qe7 8. Bb2 O-O
9. Qc1 Ne4 10. Ba3 Bd7 11. Bxd6 Qxd6 12. Qa3 Be8 13. Qxd6 Nxd6 14. Nbd2 Nd7 15.
b4 Bh5 16. Rfc1 Ne4 17. Nb3 f4 18. Bxe4 dxe4 19. Ng5 fxe3 20. fxe3 e5 21. Nxe4
exd4 22. exd4 Rae8 23. Re1 Nb6 24. Na5 Rf4 25. Ng3 Rxe1+ 26. Rxe1 Bf7 27. c5 Nd5
28. a3 Rxd4 29. Nxb7 Nf4 30. Nd6 g5 31. Ngf5 1-0

[Event "ch-European Rapid 2013"]
[Site "Warsaw POL"]
[Date "2013.12.14"]
[Round "2.34"]
[White "Pietruszewski, Marcin"]
[Black "Grigoryan, Karen H."]
[Result "0-1"]
[BlackTitle "GM"]
[WhiteElo "2070"]
[BlackElo "2604"]
[WhiteFideId "1170295"]
[BlackFideId "13301004"]
[EventDate "2013.12.14"]
[EventType "swiss"]

1. e4 d5 2. exd5 Qxd5 3. Nc3 Qd6 4. d4 a6 5. Nf3 Nf6 6. g3 Bg4 7. Bg2 Nc6 8. O-O
O-O-O 9. Be3 Qb4 10. Ne2 e5 11. c3 Qxb2 12. Rb1 Qxa2 13. Nxe5 Bxe2 14. Bxc6 bxc6
15. Qc1 Ba3 16. Qe1 Bb5 17. c4 Bxc4 18. Ra1 Qe2 19. Qa5 Bb2 20. Rab1 Bb5 21.
Rfe1 Qc2 22. Qa2 Qc3 23. Red1 Rhe8 24. Rxb2 Rxe5 25. Rxb5 0-1

[Event "ch-European Rapid 2013"]
[Site "Warsaw POL"]
[Date "2013.12.14"]
[Round "2.35"]
[White "Stupak, Kirill"]
[Black "Meller, Piotr"]
[Result "1-0"]
[WhiteTitle "GM"]
[WhiteElo "2505"]
[BlackElo "2031"]
[WhiteFideId "13503758"]
[BlackFideId "1179551"]
[EventDate "2013.12.14"]
[EventType "swiss"]

1. d4 Nf6 2. g3 g6 3. Bg2 Bg7 4. e4 d6 5. Nc3 O-O 6. Nge2 c6 7. a4 Qc7 8. h3 Na6
9. Be3 Nb4 10. a5 e5 11. O-O Be6 12. b3 Rad8 13. Qc1 Rfe8 14. dxe5 dxe5 15. Bxa7
Nd7 16. Be3 Bf8 17. Na4 Qxa5 18. Nb6 Qb5 19. Nc3 Nd3 20. cxd3 Qxb3 21. Rb1 Qa3
22. Qxa3 Bxa3 23. Nca4 Nxb6 24. Rxb6 Bc8 25. Rd1 Bd6 26. Rbb1 b5 27. Nc5 1-0

[Event "ch-European Rapid 2013"]
[Site "Warsaw POL"]
[Date "2013.12.14"]
[Round "2.37"]
[White "Jakubowski, Krzysztof"]
[Black "Ungure, Liga"]
[Result "1-0"]
[WhiteTitle "GM"]
[BlackTitle "WFM"]
[WhiteElo "2527"]
[BlackElo "2019"]
[WhiteFideId "1112848"]
[BlackFideId "11600330"]
[EventDate "2013.12.14"]
[EventType "swiss"]

1. e4 c5 2. Nf3 d6 3. d4 cxd4 4. Nxd4 Nf6 5. Nc3 Nc6 6. Bg5 e6 7. Qd2 Be7 8. f3
a6 9. O-O-O Qc7 10. Kb1 Bd7 11. h4 O-O-O 12. Be3 Ne5 13. Nb3 Nc4 14. Bxc4 Qxc4
15. Bb6 Rde8 16. Qf2 d5 17. e5 Ng8 18. Rd4 Qc6 19. Rg4 Bd8 20. Bxd8 Rxd8 21.
Rxg7 Be8 22. Ne2 Ne7 23. Ned4 Qb6 24. Qd2 Kb8 25. f4 Rc8 26. h5 Qc7 27. h6 Ng6
28. Nxe6 Qd7 29. Nec5 Qg4 30. Qb4 Bc6 31. Rxf7 Qxg2 32. Rxb7+ Ka8 33. Qb6 1-0

[Event "ch-European Rapid 2013"]
[Site "Warsaw POL"]
[Date "2013.12.14"]
[Round "2.38"]
[White "Kulczyk, Pawel"]
[Black "Dourerassou, Jonathan"]
[Result "0-1"]
[BlackTitle "IM"]
[WhiteElo "2073"]
[BlackElo "2485"]
[WhiteFideId "1123246"]
[BlackFideId "628050"]
[EventDate "2013.12.14"]
[EventType "swiss"]

1. d4 Nf6 2. c4 g6 3. Nc3 d5 4. Nf3 Bg7 5. Bg5 Ne4 6. Bh4 Nxc3 7. bxc3 dxc4 8.
e3 Be6 9. Be2 h6 10. Bxc4 Bxc4 11. Qa4+ b5 12. Qb4 Nc6 0-1

[Event "ch-European Rapid 2013"]
[Site "Warsaw POL"]
[Date "2013.12.14"]
[Round "2.39"]
[White "Gdanski, Jacek"]
[Black "Koziol, Kamil"]
[Result "1-0"]
[WhiteTitle "GM"]
[WhiteElo "2506"]
[BlackElo "2012"]
[WhiteFideId "1100106"]
[BlackFideId "1161555"]
[EventDate "2013.12.14"]
[EventType "swiss"]

1. d4 c5 2. dxc5 Qa5+ 3. Nc3 Qxc5 4. e4 Nf6 5. Be3 Qa5 6. Bd2 d6 7. Nd5 Qd8 8.
Nxf6+ gxf6 9. f4 Nc6 10. Nf3 Bg7 11. Bc3 Qb6 12. Qd2 Be6 13. f5 Bd7 14. Bc4 h5
15. Qf2 Qc7 16. O-O-O Rb8 17. Kb1 b5 18. Bd5 a5 19. Rhe1 b4 20. Bd2 a4 21. Qg3
Bf8 22. Bxf7+ Kd8 23. Bf4 b3 24. cxb3 axb3 25. a3 Nb4 26. Bxb3 Na6 27. Nd4 Nc5
28. Rc1 Qa5 29. Re3 h4 30. Qe1 Qa7 31. Qd2 Rb6 32. Rxc5 dxc5 33. Ne6+ Ke8 34.
Nc7+ Kd8 35. Rd3 Rd6 36. Bxd6 exd6 37. Ne6+ Bxe6 38. Bxe6 Rh7 39. Rb3 Rc7 40.
Qd5 c4 41. Rc3 Rc5 42. Qd4 Qa5 43. Rxc4 Kc7 44. Rxc5+ dxc5 45. Qd7+ Kb6 46. Qd8+ 1-0

[Event "ch-European Rapid 2013"]
[Site "Warsaw POL"]
[Date "2013.12.14"]
[Round "2.40"]
[White "Janik, Igor"]
[Black "Leniart, Arkadiusz"]
[Result "0-1"]
[BlackTitle "IM"]
[WhiteElo "1997"]
[BlackElo "2472"]
[WhiteFideId "1159259"]
[BlackFideId "1124226"]
[EventDate "2013.12.14"]
[EventType "swiss"]

1. e4 e5 2. Nf3 Nc6 3. Bc4 Be7 4. O-O Nf6 5. d3 O-O 6. c3 d5 7. exd5 Nxd5 8.
Nbd2 Nb6 9. Bb5 f6 10. Bxc6 bxc6 11. d4 Kh8 12. Qb3 Bd6 13. Re1 Qe7 14. c4 c5
15. d5 Bb7 16. a4 Rab8 17. a5 Nd7 18. Qa4 f5 19. Nf1 e4 20. Ng5 Ne5 21. Ne6 Rfe8
22. Ra3 Bc8 23. Nf4 Rb4 24. Qd1 Nxc4 25. Rh3 Qf7 26. Ng3 Bxf4 27. Bxf4 Nxb2 28.
Qd2 Nd3 29. Rf1 Qxd5 30. Nh5 Rb2 31. Qe3 Qd4 32. Qg3 Nxf2 33. Be3 Nxh3+ 34. Qxh3
Qe5 35. Nf4 Kg8 36. Qh5 Rf8 37. Kh1 Ba6 38. Rc1 Bd3 39. h4 c4 40. Qg5 c3 41. h5
c2 42. h6 Qf6 0-1

[Event "ch-European Rapid 2013"]
[Site "Warsaw POL"]
[Date "2013.12.14"]
[Round "2.41"]
[White "Dragun, Kamil"]
[Black "Paulauskaite, Gintare"]
[Result "1-0"]
[WhiteTitle "GM"]
[WhiteElo "2530"]
[BlackElo "2048"]
[WhiteFideId "1134167"]
[BlackFideId "12802964"]
[EventDate "2013.12.14"]
[EventType "swiss"]

1. d4 Nf6 2. c4 g6 3. Nc3 Bg7 4. e4 d6 5. Be2 O-O 6. Bg5 h6 7. Be3 Nc6 8. Nf3 e5
9. d5 Ne7 10. h3 Nh5 11. Qd2 Nf4 12. Bxf4 exf4 13. Qxf4 f5 14. exf5 Nxf5 15. Qd2
c5 16. dxc6 bxc6 17. O-O Ba6 18. Rad1 Rf7 19. c5 Bxe2 20. Nxe2 d5 21. Ned4 Nxd4
22. Nxd4 Qd7 23. b3 Re8 24. Rfe1 Rfe7 25. Rxe7 Rxe7 26. Nf3 Qf5 27. Re1 Re4 28.
Qa5 Qe6 29. Rd1 Qe7 30. b4 Re2 31. Qa6 Rb2 32. Qxc6 Qe2 33. Qxd5+ Kh7 34. Rf1
Rxb4 35. h4 Rb2 36. a4 Qa6 37. Qe4 Kg8 38. c6 Rb6 39. Rc1 Rb8 40. Qxg6 Kh8 41.
c7 1-0

[Event "ch-European Rapid 2013"]
[Site "Warsaw POL"]
[Date "2013.12.14"]
[Round "2.42"]
[White "Dziodzio, Angelika"]
[Black "Kovalev, Vladislav"]
[Result "0-1"]
[BlackTitle "GM"]
[WhiteElo "1888"]
[BlackElo "2574"]
[WhiteFideId "1170643"]
[BlackFideId "13504398"]
[EventDate "2013.12.14"]
[EventType "swiss"]

1. e4 e5 2. Nf3 Nc6 3. Bc4 Nf6 4. d4 exd4 5. O-O Nxe4 6. Re1 d5 7. Bxd5 Qxd5 8.
Nc3 Qa5 9. Nxe4 Be6 10. Bd2 Qf5 11. Bg5 h6 12. Bh4 Qh5 13. Bf6 Qg6 14. Bxd4
O-O-O 15. c3 Bd5 16. Qd3 Re8 17. Nc5 Rxe1+ 18. Nxe1 Qxd3 19. Nexd3 Nxd4 20. cxd4
Bd6 21. b3 Rd8 22. Rd1 f6 23. f3 a5 24. Ne4 Bf8 25. Nf4 Bf7 26. Rd2 g5 27. Ne2
f5 28. Nf2 b6 29. g4 Bd5 30. Rd3 fxg4 31. fxg4 Bg7 32. Nd1 a4 33. Ne3 Be4 34.
Rd2 axb3 35. axb3 c5 36. d5 Kc7 37. Ng3 Bd4 38. Kf2 Rf8+ 39. Ke2 Re8 40. d6+ Kd7
41. Nc4 Bc6+ 42. Kf1 b5 43. Nb2 Rf8+ 44. Ke2 Bf3+ 45. Kd3 Bxg4 46. b4 Rf3+ 47.
Kc2 Rc3+ 48. Kb1 Be3 49. Rd3 cxb4 50. Ne4 Bf5 51. Rxc3 bxc3 0-1

[Event "ch-European Rapid 2013"]
[Site "Warsaw POL"]
[Date "2013.12.14"]
[Round "2.43"]
[White "Pakleza, Zbigniew"]
[Black "Lukasiewicz, Anna"]
[Result "1-0"]
[WhiteTitle "IM"]
[WhiteElo "2490"]
[BlackElo "2062"]
[WhiteFideId "1119290"]
[BlackFideId "1104756"]
[EventDate "2013.12.14"]
[EventType "swiss"]

1. d4 d5 2. Bf4 Nf6 3. e3 c6 4. Nf3 h6 5. h3 Bf5 6. c4 e6 7. Nc3 Be7 8. Qb3 Qb6
9. c5 Qxb3 10. axb3 Nbd7 11. b4 a6 12. b5 cxb5 13. Nxb5 O-O 14. Nd6 Bxd6 15.
Bxd6 Rfe8 16. b4 Ne4 17. Bh2 f6 18. Nd2 e5 19. Nxe4 Bxe4 20. Kd2 Nf8 21. f3 Bg6
22. b5 exd4 23. exd4 Ne6 24. Kc3 a5 25. b6 Nd8 26. Bf4 Re6 27. Bb5 Be8 28. Bd3
Nc6 29. Rhe1 Rxe1 30. Rxe1 a4 31. Bc2 Kf7 32. Bf5 Kg8 33. Be6+ Bf7 34. Bd7 Na5
35. Ra1 g5 36. Bc7 Be8 37. Be6+ Kg7 38. Bxd5 Bc6 39. Bxc6 Nxc6 40. d5 Ne7 41. d6
Nc6 42. d7 Kf7 43. d8=Q Nxd8 44. Bxd8 Rxd8 45. Rxa4 Ke6 46. Re4+ Kf7 47. Rd4 Rc8
48. Kc4 Ke7 49. Kb5 Ke6 50. g4 Ke7 51. Ra4 Rd8 52. Ra7 Rd7 53. c6 bxc6+ 54. Kxc6 1-0

[Event "ch-European Rapid 2013"]
[Site "Warsaw POL"]
[Date "2013.12.14"]
[Round "2.44"]
[White "Kaluzny, Lukasz"]
[Black "Kanarek, Marcel"]
[Result "0-1"]
[BlackTitle "IM"]
[WhiteElo "1979"]
[BlackElo "2473"]
[WhiteFideId "1117084"]
[BlackFideId "1126822"]
[EventDate "2013.12.14"]
[EventType "swiss"]

1. d4 Nf6 2. Nf3 g6 3. e3 Bg7 4. Bc4 O-O 5. O-O d5 6. Bd3 c5 7. c3 b6 8. Nbd2
Bb7 9. Ne5 Nfd7 10. f4 e6 11. Ndf3 f6 12. Nxd7 Nxd7 13. Bd2 e5 14. fxe5 fxe5 15.
Nxe5 Nxe5 16. Rxf8+ Qxf8 17. dxe5 Bxe5 18. Qg4 Qd6 19. h4 c4 20. Bc2 Rf8 21. Rd1
Qf6 22. g3 Qf2+ 23. Kh1 Bc8 24. Qg5 Qf3+ 25. Kh2 Qe2+ 26. Kg1 Bh3 0-1

[Event "ch-European Rapid 2013"]
[Site "Warsaw POL"]
[Date "2013.12.14"]
[Round "2.45"]
[White "Socko, Monika"]
[Black "Tomaszewski, Kacper"]
[Result "1-0"]
[WhiteTitle "GM"]
[WhiteElo "2440"]
[BlackElo "1994"]
[WhiteFideId "1106619"]
[BlackFideId "1127373"]
[EventDate "2013.12.14"]
[EventType "swiss"]

1. e4 c6 2. c4 d5 3. cxd5 cxd5 4. exd5 Nf6 5. Qa4+ Nbd7 6. Nc3 g6 7. Bc4 Bg7 8.
Nf3 O-O 9. d3 a6 10. Be3 Ng4 11. Bb3 Nxe3 12. fxe3 Qb6 13. d4 Bh6 14. Kf2 Nf6
15. h3 Bd7 16. Qa3 Rac8 17. Rhe1 e6 18. Rac1 Rfe8 19. Ne5 exd5 20. Nxd7 Nxd7 21.
Nxd5 Rxc1 22. Nxb6 Rxe1 23. Kxe1 Rxe3+ 24. Kf2 Nxb6 25. Qc5 Nd7 26. Qc8+ Nf8 27.
Qxb7 Ne6 28. d5 Nd4 29. d6 Re2+ 30. Kf1 Re6 31. Qc8+ Kg7 32. Bxe6 Nxe6 33. h4
Bf4 34. d7 Bc7 35. Qxc7 1-0

[Event "ch-European Rapid 2013"]
[Site "Warsaw POL"]
[Date "2013.12.14"]
[Round "2.46"]
[White "Kaliadzich, Maryia"]
[Black "Duda, Jan-Krzysztof"]
[Result "0-1"]
[BlackTitle "GM"]
[WhiteElo "1992"]
[BlackElo "2557"]
[WhiteFideId "13500015"]
[BlackFideId "1170546"]
[EventDate "2013.12.14"]
[EventType "swiss"]

1. e4 c5 2. Nf3 d6 3. d4 cxd4 4. Nxd4 Nf6 5. Nc3 a6 6. h3 e5 7. Nde2 h5 8. Bg5
Be6 9. g3 Nbd7 10. Bg2 Be7 11. Qd2 b5 12. f4 Rc8 13. Rd1 Qb6 14. b3 b4 15. Na4
Qb7 16. O-O Nxe4 17. Bxe4 Qxe4 18. c4 Bxh3 19. Rf2 f6 20. Bh4 a5 21. Kh2 Bg4 22.
Re1 O-O 23. Nb2 Nc5 24. fxe5 dxe5 25. Nf4 Qb7 26. Ng6 Rfd8 27. Qc2 e4 28. Rf4
Bd6 29. Rff1 Qf7 30. Rxe4 Qxg6 0-1

[Event "ch-European Rapid 2013"]
[Site "Warsaw POL"]
[Date "2013.12.14"]
[Round "2.47"]
[White "Fargere, Francois"]
[Black "Walter, Szymon"]
[Result "1-0"]
[WhiteTitle "GM"]
[WhiteElo "2446"]
[BlackElo "1956"]
[WhiteFideId "615935"]
[BlackFideId "1172590"]
[EventDate "2013.12.14"]
[EventType "swiss"]

1. e4 c5 2. Nf3 g6 3. c3 Bg7 4. d4 cxd4 5. cxd4 d5 6. e5 Nc6 7. Bb5 Bg4 8. Bxc6+
bxc6 9. Nbd2 Nh6 10. O-O O-O 11. Qa4 Qd7 12. h3 Bxf3 13. Nxf3 f6 14. Re1 Rab8
15. b3 Rfc8 16. Bf4 Rb5 17. Rac1 Qb7 18. Qa3 a5 19. Rc2 Qa7 20. exf6 exf6 21.
Re7 Qa6 22. Re6 Nf7 23. Qc1 Rb6 24. Qe1 Rf8 25. Bc7 Rb7 26. Rexc6 Qd3 27. Bxa5
Rbb8 28. Qe2 Qf5 29. Qe6 Qd3 30. Rc8 Rbxc8 31. Rxc8 Qb5 32. Rc5 Qd3 33. Qxd5 f5
34. Ne5 Qd1+ 35. Kh2 Bxe5+ 36. dxe5 1-0

[Event "ch-European Rapid 2013"]
[Site "Warsaw POL"]
[Date "2013.12.14"]
[Round "2.48"]
[White "Zareba, Grzegorz"]
[Black "Sieciechowicz, Marcin"]
[Result "1/2-1/2"]
[BlackTitle "IM"]
[WhiteElo "1987"]
[BlackElo "2457"]
[WhiteFideId "1140264"]
[BlackFideId "1130170"]
[EventDate "2013.12.14"]
[EventType "swiss"]

1. c4 Nf6 2. Nc3 d5 3. cxd5 Nxd5 4. g3 g6 5. Bg2 Nb6 6. Nf3 Bg7 7. O-O O-O 8. d3
Nc6 9. Be3 Nd4 10. Re1 e5 11. Rc1 Bg4 12. Na4 Nxf3+ 13. exf3 Bd7 14. Nc5 Bc6 15.
Qc2 Nd5 16. a3 Nxe3 17. fxe3 Qe7 18. b4 a5 19. Qc4 axb4 20. axb4 Rfd8 21. f4
Bxg2 22. Kxg2 exf4 23. exf4 Qd6 24. Nxb7 Qd5+ 25. Qxd5 Rxd5 26. Re3 Ra2+ 27. Kf3
Bd4 28. Re2 Ra3 29. Re8+ Kg7 30. Ke4 Rd7 31. Rd8 f5+ 32. Kf3 Rxd3+ 33. Ke2 Re3+
34. Kd2 Ree7 35. Kc2 Rxd8 36. Nxd8 Bb6 37. Rd1 Kh6 38. Rd2 Kh5 39. Nc6 Re4 40.
Kc3 Kg4 41. Rd7 h6 42. Ne5+ Kh3 43. Nxg6 Kxh2 44. Nh4 Kxg3 45. Nxf5+ Kxf4 46.
Nxh6 Kg5 47. Nf7+ Kf6 48. Nd8 Re1 49. Kc4 Be3 50. Nc6 Rc1+ 51. Kb5 Bf4 52. Nd4
Bd6 53. Nc6 Rc2 54. Rh7 Rc1 55. Rd7 Rc3 56. Rh7 Rc1 57. Na7 Ke6 58. Nc6 Kd5 59.
Rh5+ Ke6 60. Rh7 Kd5 61. Rh5+ Ke4 62. Na7 Kd4 63. Rh4+ Kd5 64. Rh5+ Ke6 65. Rh7
Bf4 66. Ka6 Rb1 67. b5 Be3 68. Nc8 Bf4 69. Re7+ Kd5 70. Rf7 Be5 71. b6 cxb6 72.
Nxb6+ Kc6 73. Nc4 Ra1+ 74. Na5+ Kd6 75. Kb5 Kd5 76. Rd7+ Ke6 77. Rd3 Bc7 78. Nb3
Rb1 79. Kc6 Bf4 80. Nc5+ Ke5 81. Rd5+ Kf6 82. Ne4+ Kg6 83. Kd7 Rb7+ 84. Kc6 Rb4
85. Nc5 Rc4 86. Kb5 Rc1 87. Ne6 Be3 88. Re5 Rb1+ 89. Kc4 Bd2 90. Nd4 Rb4+ 91.
Kd3 Bg5 92. Re6+ Kf7 93. Re4 Bf6 94. Nc6 1/2-1/2

[Event "ch-European Rapid 2013"]
[Site "Warsaw POL"]
[Date "2013.12.14"]
[Round "2.49"]
[White "Kuzmicz, Krystian"]
[Black "Plunge, Gintautas Jurgis"]
[Result "1-0"]
[WhiteTitle "IM"]
[WhiteElo "2451"]
[BlackElo "2038"]
[WhiteFideId "1119125"]
[BlackFideId "12800627"]
[EventDate "2013.12.14"]
[EventType "swiss"]

1. e4 c5 2. d3 Nc6 3. g3 g6 4. Bg2 Bg7 5. f4 e6 6. Nf3 Nge7 7. O-O d6 8. c3 O-O
9. Be3 b6 10. Na3 f5 11. Re1 Bb7 12. Bf2 a6 13. Ng5 Qd7 14. exf5 exf5 15. Qb3+
Kh8 16. Nf7+ Rxf7 17. Qxf7 Rf8 18. Qe6 1-0

[Event "ch-European Rapid 2013"]
[Site "Warsaw POL"]
[Date "2013.12.14"]
[Round "2.50"]
[White "Czaja, Wojciech"]
[Black "Zwardon, Vojtech"]
[Result "0-1"]
[BlackTitle "IM"]
[WhiteElo "1985"]
[BlackElo "2383"]
[WhiteFideId "1134892"]
[BlackFideId "325511"]
[EventDate "2013.12.14"]
[EventType "swiss"]

1. d4 Nf6 2. Nf3 e6 3. a3 b6 4. c4 Bb7 5. Nc3 Be7 6. Bf4 O-O 7. h3 d5 8. e3 c5
9. Rc1 Nc6 10. dxc5 bxc5 11. cxd5 exd5 12. Be2 d4 13. exd4 cxd4 14. Nb5 Nd5 15.
Bd2 Bf6 16. a4 a6 17. Na3 Ndb4 18. Qb3 Re8 19. Kf1 d3 20. Bd1 Rb8 21. Nc4 Ba8
22. Qa3 Qd5 23. Bb3 Nd4 24. Ne3 Qxb3 25. Qxb3 Nxb3 26. Rc4 Bxf3 27. Bxb4 Bd5 28.
Nxd5 d2 29. Nxf6+ gxf6 30. Rg4+ Kh8 31. Bxd2 Nxd2+ 32. Kg1 Re1+ 33. Kh2 Nf1+ 34.
Rxf1 Rxf1 35. b4 Rxf2 36. b5 axb5 37. axb5 Rxb5 0-1

[Event "ch-European Rapid 2013"]
[Site "Warsaw POL"]
[Date "2013.12.14"]
[Round "3.1"]
[White "Rogule, Laura"]
[Black "Malakhov, Vladimir"]
[Result "0-1"]
[WhiteTitle "WGM"]
[BlackTitle "GM"]
[WhiteElo "2326"]
[BlackElo "2716"]
[WhiteFideId "11601876"]
[BlackFideId "4120787"]
[EventDate "2013.12.14"]
[EventType "swiss"]

1. c4 g6 2. Nc3 Bg7 3. g3 e6 4. Bg2 Ne7 5. d4 O-O 6. e4 d5 7. exd5 exd5 8. cxd5
Nd7 9. Nge2 Nb6 10. Qb3 Bf5 11. Bg5 Bd3 12. Rc1 h6 13. Bxe7 Qxe7 14. O-O Rae8
15. Rfe1 Qd7 16. Qd1 Bf5 17. b3 Re7 18. a4 Rfe8 19. Qd2 a6 20. a5 Nc8 21. Na4
Nd6 22. Nc5 Qc8 23. Rc3 h5 24. Re3 b6 25. axb6 cxb6 26. Nd3 Rxe3 27. fxe3 Ne4
28. Qc1 Nxg3 29. Nxg3 Bxd3 30. Qxc8 Rxc8 31. d6 Rd8 32. Ne4 Bxe4 33. Bxe4 Rxd6
34. Bd3 b5 35. Rc1 Rf6 36. Rc8+ Kh7 37. Kg2 Bh6 38. e4 Be3 39. d5 Rf2+ 40. Kg3
Rd2 41. Bf1 Bd4 42. h3 Be5+ 43. Kf3 Rb2 44. Ra8 Rxb3+ 45. Kf2 Rb2+ 46. Ke3 Rb1
47. Bd3 Rh1 48. Rxa6 Rxh3+ 49. Ke2 Bd4 50. d6 Rh2+ 51. Kd1 Be3 52. Be2 Bg5 53.
Bxb5 Rd2+ 54. Ke1 Rd4 55. d7 Rxe4+ 56. Kf2 Rd4 57. Ra8 Kg7 58. Re8 Bf6 59. Ke3
Rd6 60. Kf3 g5 61. Kg3 Rd5 62. Bc6 Rd3+ 63. Kg2 g4 64. Bb5 Rd5 65. Bc6 Rd6 66.
Bb5 Bh4 67. Re5 Rd2+ 68. Kf1 Kg6 69. Re3 Rd4 70. Re8 Bf6 71. Rg8+ Kh7 72. Rc8 h4
73. Kf2 Rd2+ 74. Ke3 Bg5+ 75. Ke4 h3 76. Bc6 g3 77. Kf5 g2 0-1

[Event "ch-European Rapid 2013"]
[Site "Warsaw POL"]
[Date "2013.12.14"]
[Round "3.2"]
[White "Korobov, Anton"]
[Black "Bernotas, Arturs"]
[Result "1-0"]
[WhiteTitle "GM"]
[WhiteElo "2713"]
[BlackElo "2267"]
[WhiteFideId "14105730"]
[BlackFideId "11601426"]
[EventDate "2013.12.14"]
[EventType "swiss"]

1. d4 d5 2. c4 e6 3. Nc3 Nf6 4. cxd5 exd5 5. Bg5 c6 6. e3 Nbd7 7. Bd3 Bd6 8. Qc2
Nf8 9. Nge2 Ng6 10. Ng3 h6 11. Bxf6 Qxf6 12. Nh5 Qg5 13. Nxg7+ Kf8 14. Nf5 Bxf5
15. Bxf5 Nh4 16. g4 Nf3+ 17. Ke2 Nh4 18. Raf1 Rg8 19. Kd1 Nxf5 20. gxf5 Qh5+ 21.
Kc1 Qf3 22. h4 Rg2 23. Kb1 Re8 24. a3 Kg7 25. Rhg1 Rxg1 26. Rxg1+ Kf6 27. Re1
Bh2 28. e4 dxe4 29. Nxe4+ Kg7 30. f6+ Kh8 31. Re3 Qh1+ 32. Ka2 Rg8 33. Nc3 Bd6
34. Qb3 Rf8 35. Qxb7 Qxh4 36. Qxc6 Qf4 37. Nd5 Qh2 38. Re8 Kh7 39. Rxf8 Bxf8 40.
Qe8 1-0